UNA PROPUESTA DE COMUNICACION RURAL: LOS CENTROS DE EDUCACION POPULAR

保存先:
書誌詳細
第一著者: Acle Tomasini, Marcela (autor)
フォーマット: 図書
シリーズ:CUADERNOS DEL TALLER DE INV. EN COMUNICACION MASIVA 24
タグ: タグ追加
タグなし, このレコードへの初めてのタグを付けませんか!

MARC

LEADER 00000nam^a2200000^a^4500
001 000214687
005 20250521000000.0
009 20260310103603.452
035 |a 037862 
037 |a Acervo Xavier Clavigero 
082 |a 379. 87  |b ACL 
100 |a Acle Tomasini, Marcela  |e (autor) 
245 1 4 |a UNA PROPUESTA DE COMUNICACION RURAL:  |b LOS CENTROS DE EDUCACION POPULAR 
264 |a México :  |b UAM,  |c 1983 
300 |a 69p. 
336 |a texto  |b txt  |2 rdacontenido 
337 |a sin mediación  |b n  |2 rdamedio 
338 |a volumen  |b nc  |2 rdasoporte 
440 |a CUADERNOS DEL TALLER DE INV. EN COMUNICACION MASIVA 24 
649 |a XX 
910 |a Fondo General 
920 |a Impresos - Libros 
930 |a Colección General 
905 |a 101 
901 |a 037862  |b IT1  |c ACC  |i 037862  |u 20250521 
902 |a https://opac.biblio.iteso.mx/vufind/Record/000214687